[Event "Championnat de France - Open D"]
[Site "Aix-les-Bains"]
[Date "2007.08.18"]
[Round "5.9"]
[White "Masson, Guillaume"]
[Black "Tiffon, Christophe"]
[Result "1/2-1/2"]
[WhiteElo "1380"]
[BlackElo "1480"]
[PlyCount "70"]
[EventDate "2007.??.??"]

1. e4 c6 2. d4 d5 3. exd5 cxd5 4. Nf3 Nc6 5. Bf4 Nf6 6. Ne5 Bf5 7. Bb5 Qb6 8.
Nc3 Ne4 9. Nxd5 Qa5+ 10. c3 Rc8 11. Qa4 Qxa4 12. Bxa4 e6 13. Nxc6 bxc6 14. Ne3
Bg6 15. f3 Nf6 16. Nc4 Bd3 17. Nd6+ Bxd6 18. Bxd6 Nd5 19. O-O-O Bb5 20. Bxb5
cxb5 21. Rhe1 b4 22. Kd2 bxc3+ 23. bxc3 Rxc3 24. Rc1 Rxc1 25. Rxc1 Kd7 26. Bc5
a6 27. Rb1 Kc7 28. g3 Re8 29. Kd3 e5 30. Re1 Kc6 31. Ba3 f6 32. f4 Re6 33. fxe5
fxe5 34. Rxe5 Rf6 35. Kd2 Rf2+ 1/2-1/2

[Event "Championnat de France - Open D"]
[Site "Aix-les-Bains"]
[Date "2007.08.18"]
[Round "5.10"]
[White "Joos, Rene"]
[Black "Tchordjallian, Alexandre"]
[Result "0-1"]
[WhiteElo "1470"]
[BlackElo "1380"]
[PlyCount "100"]
[EventDate "2007.??.??"]

1. f4 d5 2. d4 e6 3. Nf3 c5 4. c3 Nc6 5. Be3 Qb6 6. Qb3 Nh6 7. Bf2 Bd6 8. e3
Ng4 9. h3 Nxf2 10. Kxf2 Bd7 11. Nbd2 Na5 12. Qxb6 axb6 13. Be2 b5 14. Nb3 b6
15. Nbd2 Nc4 16. Nxc4 bxc4 17. Bd1 b5 18. dxc5 Bxc5 19. b3 O-O 20. b4 Be7 21.
Re1 Bf6 22. Ne5 Rfd8 23. Re2 Ra3 24. Rc2 Be7 25. Ke2 Be8 26. Kd2 f6 27. Nf3 Bg6
28. Rb2 Be4 29. Bc2 g6 30. Nd4 Ra6 31. g3 Rb8 32. a3 e5 33. Ne2 Rd8 34. Rba2
Bxc2 35. Kxc2 Ra4 36. Rf1 Bd6 37. h4 Bb8 38. Kd2 Bc7 39. Kc2 Bb6 40. Kd2 Rda8
41. Rfa1 Kf7 42. Ng1 Rd8 43. Nh3 Kg7 44. Nf2 d4 45. cxd4 exd4 46. e4 d3 47. Nd1
Bd4 48. Nb2 c3+ 49. Kxd3 cxb2 50. Rb1 Kf7 0-1

[Event "Championnat de France - Open D"]
[Site "Aix-les-Bains"]
[Date "2007.08.19"]
[Round "6.1"]
[White "Subits, Nicolas"]
[Black "Marceau, Amaury"]
[Result "0-1"]
[WhiteElo "1330"]
[BlackElo "1499"]
[PlyCount "134"]
[EventDate "2007.??.??"]

1. e4 d6 2. Nf3 Nf6 3. e5 dxe5 4. Nxe5 g6 5. Bc4 e6 6. d3 Bg7 7. Bg5 h6 8. Bh4
O-O 9. Ng4 g5 10. Nxh6+ Bxh6 11. Bg3 Nh7 12. h4 Bg7 13. Qf3 Qf6 14. Qxf6 Bxf6
15. c3 c6 16. Nd2 Rd8 17. d4 Nd7 18. Ne4 Nb6 19. Nxf6+ Nxf6 20. Bc7 Re8 21.
Bxb6 axb6 22. hxg5 Nd5 23. g3 e5 24. O-O-O b5 25. Bb3 e4 26. Rde1 Kg7 27. a3
Bf5 28. Bc2 Bg6 29. Rh4 e3 30. fxe3 Bxc2 31. Kxc2 Nxe3+ 32. Kb3 Ng2 33. Rxe8
Rxe8 34. Rh2 Ne1 35. Kb4 Nf3 36. Rh5 Kg6 37. Rh6+ Kxg5 38. Rd6 Re7 39. d5 cxd5
40. Rxd5+ Kg4 41. Rxb5 Kxg3 42. a4 Ne5 43. Kc5 f5 44. Kd6 Re8 45. Rxe5 Rxe5 46.
Kxe5 f4 47. Kd6 f3 48. Kc7 f2 49. Kxb7 f1=Q 50. b4 Qf3+ 51. Kb6 Qxc3 52. b5 Qb4
53. a5 Qd6+ 54. Ka7 Qc7+ 55. Ka6 Qb8 56. b6 Kf4 57. b7 Ke5 58. Kb6 Kd6 59. a6
Kd7 60. a7 Qc7+ 61. Ka6 Qc6+ 62. Ka5 Qxb7 63. a8=Q Qxa8+ 64. Kb6 Qc6+ 65. Ka7
Qb5 66. Ka8 Kc7 67. Ka7 Qb7# 0-1

[Event "Championnat de France - Open D"]
[Site "Aix-les-Bains"]
[Date "2007.08.19"]
[Round "6.2"]
[White "Pignatelli, Daniel"]
[Black "Cornaton, Julien"]
[Result "0-1"]
[WhiteElo "1499"]
[BlackElo "1500"]
[PlyCount "80"]
[EventDate "2007.??.??"]

1. d4 d5 2. c4 Bf5 3. Nc3 e6 4. f3 Bb4 5. Kf2 Nc6 6. e3 Nf6 7. Bd3 Bxc3 8. bxc3
Bxd3 9. Qxd3 dxc4 10. Qxc4 Nd5 11. Ne2 O-O 12. e4 Nb6 13. Qd3 Ne5 14. Qb5 Nec4
15. Qh5 Qf6 16. h4 Na4 17. e5 Qf5 18. Qxf5 exf5 19. h5 b6 20. Rb1 a5 21. d5
Nxe5 22. Rd1 Rad8 23. Bf4 f6 24. Rbc1 Nb2 25. Kg3 Nxd1 26. Rxd1 g5 27. hxg6
hxg6 28. Kh2 g5 29. Bc1 Rfe8 30. Ng3 f4 31. Nf5 Nc4 32. a4 Ne3 33. Bxe3 fxe3
34. c4 Re5 35. Nh6+ Kg7 36. Ng4 Re7 37. Re1 Rde8 38. Kg3 f5 39. Nh2 f4+ 40. Kg4
Kg6 0-1

[Event "Championnat de France - Open D"]
[Site "Aix-les-Bains"]
[Date "2007.08.19"]
[Round "6.3"]
[White "Bouteiller, Eleonore"]
[Black "Nal, Patrick"]
[Result "0-1"]
[WhiteElo "1480"]
[BlackElo "1499"]
[PlyCount "68"]
[EventDate "2007.??.??"]

1. d4 d5 2. c4 dxc4 3. Qa4+ c6 4. Qxc4 Be6 5. Qc2 Nf6 6. Nc3 g6 7. Nf3 Bg7 8.
e3 Nbd7 9. h3 O-O 10. Ng5 Nb6 11. Nxe6 fxe6 12. Bc4 Nxc4 13. Qb3 b5 14. a4 a6
15. Qb4 Nd5 16. Qc5 Nxc3 17. bxc3 Qd5 18. Qxe7 Rf7 19. Qh4 Qxg2 20. Rf1 Raf8
21. Ra2 g5 22. Qh5 bxa4 23. Qe2 Nd6 24. Ba3 Rb8 25. Rb2 Rxb2 26. Qxb2 Rb7 27.
Qa2 Nf7 28. Qxe6 Rb8 29. Ke2 Qd5 30. Rb1 Qxe6 31. Rxb8+ Bf8 32. Bxf8 h6 33.
Bd6+ Kh7 34. Rb7 Qxd6 0-1

[Event "Championnat de France - Open D"]
[Site "Aix-les-Bains"]
[Date "2007.08.19"]
[Round "6.4"]
[White "Tchordjallian, Alexandre"]
[Black "Thomas, Vincent"]
[Result "0-1"]
[WhiteElo "1380"]
[BlackElo "1499"]
[PlyCount "94"]
[EventDate "2007.??.??"]

1. e4 e6 2. d4 d5 3. e5 c5 4. Nf3 Nc6 5. Nc3 cxd4 6. Nxd4 Nxe5 7. Bb5+ Bd7 8.
Qh5 Nc6 9. Bxc6 bxc6 10. O-O Be7 11. Bf4 Nf6 12. Qe5 O-O 13. Qe2 c5 14. Ndb5 d4
15. Nc7 dxc3 16. Nxa8 Qxa8 17. b3 Bc6 18. f3 Nd5 19. Bg3 Qc8 20. a4 f6 21. Rfe1
Bd7 22. Qc4 Re8 23. Re4 Qb7 24. Rae1 Bf8 25. Bh4 e5 26. Bg3 Be6 27. Qe2 g5 28.
Rg4 Bxg4 29. fxg4 Nf4 30. Qc4+ Qd5 31. Bxf4 Qxc4 32. bxc4 gxf4 33. Rd1 Kf7 34.
Kf1 Ke6 35. Rb1 Bd6 36. Rb7 Re7 37. Rb5 e4 38. Ke2 Ke5 39. Ra5 Kd4 40. Ra6 Rd7
41. h3 Kxc4 42. Rc6 Be5 43. Rc8 Kb4 44. a5 Rd2+ 45. Kf1 Rxc2 46. a6 Ra2 47. Rc6
c2 0-1

[Event "Championnat de France - Open D"]
[Site "Aix-les-Bains"]
[Date "2007.08.19"]
[Round "6.5"]
[White "Klein, Rene"]
[Black "Clement, Alexandre"]
[Result "0-1"]
[WhiteElo "1490"]
[BlackElo "1390"]
[PlyCount "76"]
[EventDate "2007.??.??"]

1. e4 e6 2. d4 d5 3. e5 c5 4. Nf3 Qb6 5. Bd3 Bd7 6. c3 Nc6 7. Bc2 Rc8 8. b3
cxd4 9. Bb2 dxc3 10. Bxc3 Bb4 11. O-O Nge7 12. Bb2 Ng6 13. a3 Be7 14. Bxg6 hxg6
15. Nc3 a6 16. b4 a5 17. b5 Nd8 18. a4 Qa7 19. Na2 b6 20. Bc1 Nb7 21. Be3 Nc5
22. Bg5 Ne4 23. Bxe7 Kxe7 24. Nd2 Nxd2 25. Qxd2 Rc4 26. Nc3 Rhc8 27. Ne2 Rc2
28. Qg5+ f6 29. exf6+ gxf6 30. Qg4 Kf7 31. Nf4 Rg8 32. Qf3 Qc7 33. Rfe1 Rc3 34.
Nd3 Kg7 35. Qd1 Qc4 36. Nb2 Qb3 37. Qxb3 Rxb3 38. Nd1 d4 0-1

[Event "Championnat de France - Open D"]
[Site "Aix-les-Bains"]
[Date "2007.08.19"]
[Round "6.6"]
[White "Saucey, Milena"]
[Black "Militon, Alexandre"]
[Result "0-1"]
[WhiteElo "1380"]
[BlackElo "1480"]
[PlyCount "44"]
[EventDate "2007.??.??"]

1. e4 e5 2. Nf3 Nc6 3. Bc4 Bc5 4. d3 d6 5. h3 h6 6. c3 Qf6 7. Nbd2 a6 8. Bb3
Be6 9. O-O Nge7 10. Re1 O-O 11. Nf1 Bb6 12. Be3 d5 13. Bxb6 cxb6 14. Ng3 Rfd8
15. Qc2 Rac8 16. Qb1 Bxh3 17. Nxe5 Nxe5 18. d4 N5g6 19. gxh3 Qh4 20. exd5 Qxh3
21. Qc1 Nh4 22. Rxe7 Nf3# 0-1

[Event "Championnat de France - Open D"]
[Site "Aix-les-Bains"]
[Date "2007.08.19"]
[Round "6.7"]
[White "Tiffon, Christophe"]
[Black "Mazard, Bruno"]
[Result "0-1"]
[WhiteElo "1480"]
[BlackElo "1440"]
[PlyCount "82"]
[EventDate "2007.??.??"]

1. d4 d5 2. Bg5 h6 3. Bh4 Bf5 4. e3 Nf6 5. Bxf6 exf6 6. Nf3 Bd6 7. Bd3 Qd7 8.
O-O Bg4 9. c3 c6 10. Nbd2 Qc7 11. g3 Nd7 12. Qc2 Nb6 13. b3 Qd7 14. Nh4 g6 15.
c4 dxc4 16. bxc4 Be7 17. Rfe1 f5 18. f3 Bh3 19. f4 Bxh4 20. gxh4 O-O-O 21. Rab1
Bg4 22. Rb2 Kc7 23. Reb1 Rb8 24. Qb3 Qe7 25. Re1 Qxh4 26. Rbb1 Bh3 27. Be2 Rhe8
28. c5 Nd5 29. Nc4 b5 30. Ne5 Re7 31. Qa3 Kb7 32. Qb3 a6 33. Bf3 Rd8 34. Qa3 a5
35. Qxa5 Ra8 36. Rxb5+ cxb5 37. Qxb5+ Kc8 38. Qc6+ Nc7 39. d5 Rxa2 40. Re2 Ra1+
41. Re1 Qxe1# 0-1

[Event "Championnat de France - Open D"]
[Site "Aix-les-Bains"]
[Date "2007.08.19"]
[Round "6.8"]
[White "Lallement, Jose"]
[Black "El Forkane, Mohamed"]
[Result "0-1"]
[WhiteElo "1370"]
[BlackElo "1450"]
[PlyCount "106"]
[EventDate "2007.??.??"]

1. d4 d5 2. Nf3 Nf6 3. c4 c6 4. e3 e6 5. Bd3 Bd6 6. cxd5 exd5 7. Nc3 Nbd7 8.
O-O O-O 9. Nh4 b6 10. f4 Bb7 11. Nf3 c5 12. Ne5 Re8 13. b3 Rc8 14. Bb2 a6 15.
Rc1 Bb8 16. g4 Nxe5 17. fxe5 Ne4 18. Qf3 Ng5 19. Qg2 Ne6 20. Ne2 Qg5 21. e4
dxe4 22. Bc4 b5 23. Bxe6 Rxe6 24. Nf4 Re7 25. h3 cxd4 26. Rxc8+ Bxc8 27. Qxe4
Bxe5 28. Bxd4 Bb7 29. Qe3 Bxf4 30. Qxf4 Qxf4 31. Rxf4 Re2 32. a3 g6 33. Rf2
Rxf2 34. Kxf2 Kf8 35. Ke3 Ke7 36. Kf4 h6 37. h4 Ke6 38. Bg7 h5 39. gxh5 gxh5
40. Kg5 Bf3 41. Kf4 Bd1 42. b4 f5 43. Ke3 Kd5 44. Kd3 f4 45. Bd4 Bf3 46. Bf6
Be4+ 47. Kc3 f3 48. Bd4 Ke6 49. Bf2 Kf5 50. Kd4 Ba8 51. Kc5 Kg4 52. Kb6 Kh3 53.
Kc5 Kg2 0-1

[Event "Championnat de France - Open D"]
[Site "Aix-les-Bains"]
[Date "2007.08.19"]
[Round "6.9"]
[White "Froment, Victor"]
[Black "Lapperriere, Romuald"]
[Result "1-0"]
[WhiteElo "1450"]
[BlackElo "1380"]
[PlyCount "115"]
[EventDate "2007.??.??"]

1. e4 d6 2. d4 g6 3. Nc3 Nf6 4. Be3 Bg7 5. Qd2 Ng4 6. O-O-O Nxe3 7. fxe3 O-O 8.
Bc4 Be6 9. Bxe6 fxe6 10. Nf3 Nd7 11. h4 c5 12. h5 Rf6 13. e5 Rf5 14. e4 Rxh5
15. Rxh5 gxh5 16. Qg5 Qe8 17. dxc5 Qf8 18. cxd6 exd6 19. exd6 Qf7 20. Qe7 Re8
21. Qxf7+ Kxf7 22. Rf1 Kg8 23. Kb1 Rf8 24. Rh1 Ne5 25. Nxe5 Bxe5 26. d7 a6 27.
a3 Bc7 28. Rxh5 Rf7 29. Rh6 Rxd7 30. Rxe6 Kf7 31. Rh6 Kg7 32. Rh1 Rd2 33. g4
Rg2 34. Re1 Rxg4 35. e5 Rg5 36. e6 Re5 37. Rd1 Kf8 38. Rd7 Ba5 39. Rxh7 b5 40.
e7+ Rxe7 41. Rxe7 Kxe7 42. b4 Bd8 43. a4 bxa4 44. Nxa4 Kd6 45. Nc5 a5 46. Nb7+
Kc7 47. Nxd8 Kxd8 48. bxa5 Kc7 49. Kb2 Kc6 50. c4 Kb7 51. Kb3 Kc7 52. c5 Kb7
53. Kb4 Kb8 54. Kb5 Kb7 55. a6+ Kb8 56. Kb6 Ka8 57. c6 Kb8 58. c7+ 1-0

[Event "Championnat de France - Open D"]
[Site "Aix-les-Bains"]
[Date "2007.08.19"]
[Round "6.10"]
[White "Bergmann, Delphine"]
[Black "Cureau, Christian"]
[Result "1/2-1/2"]
[WhiteElo "1440"]
[BlackElo "1320"]
[PlyCount "82"]
[EventDate "2007.??.??"]

1. e4 e5 2. Nf3 Nf6 3. Nxe5 d6 4. Nf3 Nxe4 5. d4 d5 6. h3 Nc6 7. Bd3 Bf5 8. O-O
Be7 9. Re1 O-O 10. Nbd2 Nxd2 11. Bxf5 Nxf3+ 12. gxf3 Re8 13. Bf4 Bf6 14. c3 Ne7
15. Bd3 Qd7 16. Kh2 c6 17. Rg1 Nf5 18. Qc2 Nh4 19. Rg3 g6 20. Bh6 Qd6 21. f4
Bg7 22. Bxg7 Kxg7 23. Rg4 Nf3+ 24. Kh1 h5 25. Rg3 Qxf4 26. Be2 Qd2 27. Qxd2
Nxd2 28. Bd3 Re7 29. Re3 Rxe3 30. fxe3 Re8 31. Re1 Nf3 32. Re2 Kh6 33. Kg2 Ng5
34. Kg3 f5 35. h4 Ne6 36. c4 Nc7 37. Kf3 dxc4 38. Bxc4 Re4 39. Kg3 Nd5 40. Kf3
Rxh4 41. Bxd5 cxd5 1/2-1/2

[Event "Championnat de France - Open D"]
[Site "Aix-les-Bains"]
[Date "2007.08.21"]
[Round "7.1"]
[White "Marceau, Amaury"]
[Black "Cornaton, Julien"]
[Result "0-1"]
[WhiteElo "1499"]
[BlackElo "1500"]
[PlyCount "144"]
[EventDate "2007.??.??"]

1. Nf3 d5 2. g3 Bf5 3. Bg2 e6 4. d3 c6 5. Nbd2 Nd7 6. O-O Ngf6 7. Nh4 Bg6 8. e4
d4 9. a4 e5 10. Nc4 b5 11. axb5 cxb5 12. Na5 Qc8 13. Nxg6 hxg6 14. f4 Bb4 15.
fxe5 Nxe5 16. Bd2 Bxa5 17. Rxa5 a6 18. Qa1 O-O 19. Bg5 Nfg4 20. Bf4 Re8 21. Bh3
Qxc2 22. Bg2 Nxd3 23. Qb1 Qxb1 24. Rxb1 Nxf4 25. gxf4 d3 26. Rd1 Red8 27. Rd2
Rac8 28. Ra1 Rc2 29. Rad1 Rxd2 30. Rxd2 Ne3 31. b3 Nc2 32. Bf1 Nb4 33. Kf2 a5
34. Ke3 a4 35. bxa4 bxa4 36. Rb2 Rb8 37. Kd2 a3 38. Rb1 a2 39. Ra1 Rc8 40. Bxd3
Rd8 41. Kc3 Nxd3 42. Rxa2 Nxf4 43. Rf2 Rc8+ 44. Kd4 Ne6+ 45. Ke3 Rc3+ 46. Kd2
Ra3 47. Kc1 Ng5 48. Re2 f6 49. e5 Ra6 50. h4 Ne6 51. exf6 gxf6 52. Kd2 Ra2+ 53.
Ke3 Rxe2+ 54. Kxe2 Kh7 55. Kf3 Kh6 56. Kg4 f5+ 57. Kg3 Kh5 58. Kh3 g5 59. hxg5
Kxg5 60. Kg3 f4+ 61. Kf3 Kf5 62. Kg2 Kg4 63. Kf2 f3 64. Kg1 Kg3 65. Kh1 Kf4 66.
Kg1 Ke3 67. Kf1 f2 68. Kg2 Ke2 69. Kg3 f1=Q 70. Kg4 Qf3+ 71. Kh4 Qg2 72. Kh5
Qg5# 0-1

[Event "Championnat de France - Open D"]
[Site "Aix-les-Bains"]
[Date "2007.08.21"]
[Round "7.2"]
[White "Clement, Alexandre"]
[Black "Nal, Patrick"]
[Result "1-0"]
[WhiteElo "1390"]
[BlackElo "1499"]
[PlyCount "117"]
[EventDate "2007.??.??"]

1. e4 c6 2. d4 d5 3. e5 c5 4. c3 Nc6 5. Bb5 e6 6. Nf3 Qb6 7. Bxc6+ bxc6 8. O-O
cxd4 9. cxd4 Ne7 10. b3 Ng6 11. Be3 Ba6 12. Re1 Bb4 13. Nbd2 O-O 14. Qc2 Rfc8
15. a3 Be7 16. b4 h6 17. Rec1 Nh4 18. Nxh4 Bxh4 19. Nb3 Be7 20. Nc5 Bc4 21. Na4
Qb7 22. Nb2 Bb5 23. Qd2 Rab8 24. Rc3 Kf8 25. Rac1 Ke8 26. Qc2 Kd7 27. Nd3 Bc4
28. Nb2 Ba6 29. Rb3 Rc7 30. g3 Qc8 31. Qh7 Qh8 32. Qxh8 Rxh8 33. a4 Rb8 34. Rb1
Rcb7 35. Bd2 Bxb4 36. Bxb4 Rxb4 37. Nd3 Rxb3 38. Rxb3 Rxb3 39. Nc5+ Kc7 40.
Nxb3 Kb6 41. f4 Bd3 42. a5+ Kb5 43. Nc5 Bc4 44. a6 Ka5 45. Kf2 Bxa6 46. Ke3 Kb5
47. Kd3 Ka5+ 48. Kc3 Bb5 49. Nb3+ Kb6 50. Kb4 a5+ 51. Nxa5 f6 52. Nb3 fxe5 53.
fxe5 g6 54. Nc5 h5 55. Nxe6 Bd3 56. h4 Bf5 57. Ng7 Bg4 58. e6 Kc7 59. e7 1-0

[Event "Championnat de France - Open D"]
[Site "Aix-les-Bains"]
[Date "2007.08.21"]
[Round "7.3"]
[White "Thomas, Vincent"]
[Black "Subits, Nicolas"]
[Result "1-0"]
[WhiteElo "1499"]
[BlackElo "1330"]
[PlyCount "67"]
[EventDate "2007.??.??"]

1. c4 e5 2. g3 Nc6 3. Bg2 Nge7 4. Nc3 d6 5. d3 Bd7 6. e3 a6 7. Nge2 Rb8 8. O-O
g6 9. Nd5 Nxd5 10. cxd5 Ne7 11. b3 c5 12. dxc6 Bxc6 13. Bb2 Bxg2 14. Kxg2 Bg7
15. f4 Nd5 16. Qd2 Qb6 17. Rf3 O-O 18. e4 Ne7 19. Rc1 Bh6 20. Rc4 f6 21. Ba3
Rbc8 22. Qb4 Qxb4 23. Bxb4 Rfd8 24. fxe5 Rxc4 25. dxc4 Nc6 26. Be1 fxe5 27. Rd3
Kf7 28. g4 Ke6 29. Rh3 Bf4 30. Rxh7 b5 31. Nc3 bxc4 32. bxc4 Nb4 33. Nd5 Nxa2
34. Re7# 1-0

[Event "Championnat de France - Open D"]
[Site "Aix-les-Bains"]
[Date "2007.08.21"]
[Round "7.4"]
[White "Militon, Alexandre"]
[Black "Froment, Victor"]
[Result "1-0"]
[WhiteElo "1480"]
[BlackElo "1450"]
[PlyCount "51"]
[EventDate "2007.??.??"]

1. e4 e6 2. Nf3 d5 3. e5 c5 4. c3 Qb6 5. Qb3 Qc7 6. d4 Nc6 7. Bb5 Bd7 8. Be3 a6
9. Bxc6 Qxc6 10. O-O Nh6 11. Rd1 Nf5 12. Bf4 Be7 13. Rd2 O-O 14. Qc2 Rac8 15.
g4 Nh4 16. Nxh4 Bxh4 17. Rd3 Be7 18. Rh3 g6 19. Bh6 Rfd8 20. Qd2 cxd4 21. Bg5
Re8 22. Bf6 Bf8 23. Qg5 Qb6 24. Qh4 h6 25. Qxh6 Bxh6 26. Rxh6 1-0

[Event "Championnat de France - Open D"]
[Site "Aix-les-Bains"]
[Date "2007.08.21"]
[Round "7.5"]
[White "El Forkane, Mohamed"]
[Black "Viart, Bettina"]
[Result "1/2-1/2"]
[WhiteElo "1450"]
[BlackElo "1410"]
[PlyCount "160"]
[EventDate "2007.??.??"]

1. e4 c5 2. Nf3 b6 3. Bc4 e6 4. Qe2 Bb7 5. O-O d6 6. c3 g6 7. d4 cxd4 8. cxd4
Bg7 9. Bg5 Qc7 10. Rd1 Ne7 11. Nc3 a6 12. e5 d5 13. Bd3 Nd7 14. Rac1 Qd8 15.
Qe3 h6 16. Bh4 b5 17. h3 g5 18. Bg3 Nf8 19. Qe2 Nfg6 20. Nh2 Qd7 21. b4 O-O 22.
Qh5 f5 23. exf6 Rxf6 24. Ng4 Raf8 25. Nxf6+ Rxf6 26. Be5 Nf4 27. Bxf4 Rxf4 28.
g3 Rf6 29. Qe2 Nc6 30. a3 Nxd4 31. Bh7+ Kh8 32. Rxd4 Kxh7 33. Qc2+ Kg8 34. Ne2
e5 35. Rd2 Rc6 36. Qb3 Rxc1+ 37. Nxc1 e4 38. Kh2 Kh8 39. Ne2 Bc8 40. Ng1 Bb7
41. Qc2 Qf5 42. Qc7 Bc8 43. Qd8+ Kh7 44. Qxd5 Qxd5 45. Rxd5 Bb2 46. Rc5 Be6 47.
Rc6 Bc4 48. Rxa6 h5 49. g4 h4 50. Kg2 Bd4 51. Rd6 Bb2 52. Ra6 Bb3 53. Ne2 Bc4
54. Kf1 Bc1 55. Ke1 Bb2 56. Kd2 Kg7 57. Ke3 Bd3 58. Nd4 Bxd4+ (58... Bc1# $1)
59. Kxd4 Bf1 60. Kxe4 Bxh3 61. Kf3 Bf1 62. Rb6 h3 63. Kg3 Kf7 64. Rxb5 Bxb5 65.
Kxh3 Ke6 66. Kg3 Kd5 67. Kf3 Kc4 68. Ke4 Kb3 69. Kf5 Kxa3 70. Kxg5 Kxb4 71. f4
Kc5 72. f5 Bc4 73. f6 Kd6 74. Kf5 Be6+ 75. Kf4 Bf7 76. Kf5 Be6+ 77. Kf4 Bf7 78.
g5 Bg6 79. Kg4 Ke6 80. Kf4 Bf7 1/2-1/2

[Event "Championnat de France - Open D"]
[Site "Aix-les-Bains"]
[Date "2007.08.21"]
[Round "7.6"]
[White "Mazard, Bruno"]
[Black "Klein, Rene"]
[Result "0-1"]
[WhiteElo "1440"]
[BlackElo "1490"]
[PlyCount "140"]
[EventDate "2007.??.??"]

1. d4 Nf6 2. c4 e6 3. Nc3 a6 4. a3 Be7 5. e4 d6 6. Nf3 Nc6 7. Bd3 e5 8. d5 Na7
9. h3 O-O 10. Be3 b6 11. Nd2 Nd7 12. b4 Bb7 13. Qg4 Nf6 14. Qg3 Bc8 15. Qf3 Ne8
16. Qg3 Kh8 17. Qf3 Bd7 18. h4 Qc8 19. Bg5 f6 20. Be3 Bg4 21. Qg3 f5 22. exf5
Bxf5 23. Bxf5 Qxf5 24. Nde4 Nf6 25. Qg5 Qd7 26. Nxf6 Bxf6 27. Qh5 Rae8 28. Ne4
g6 29. Qh6 Bg7 30. Qg5 Rf5 31. Qg4 Ref8 32. Ng3 R5f7 33. Qe4 Bf6 34. h5 g5 35.
h6 Qd8 36. Nh5 Nc8 37. Ng7 Bxg7 38. hxg7+ Rxg7 39. Ke2 Rff7 40. Rh5 Qg8 41.
Rah1 Ne7 42. g4 Ng6 43. Rxg5 Nf4+ 44. Bxf4 Rxf4 45. Rxh7+ Qxh7 46. Qxf4 exf4
47. Rh5 Qxh5 48. gxh5 Rf7 49. a4 Kh7 50. Kf3 Kh6 51. Ke4 Kxh5 52. Kf3 Kh4 53.
c5 Kg5 54. cxb6 cxb6 55. Ke4 Re7+ 56. Kf3 Kf5 57. Kg2 Re4 58. Kf3 Rxb4 59. Ke2
Rxa4 60. Kd3 Ke5 61. f3 a5 62. Kc2 Rc4+ 63. Kd3 Kxd5 64. Kd2 a4 65. Kd3 a3 66.
Kd2 a2 67. Kd3 a1=Q 68. Kd2 Qc3+ 69. Ke2 Qe3+ 70. Kd1 Rc1# 0-1

[Event "Championnat de France - Open D"]
[Site "Aix-les-Bains"]
[Date "2007.08.21"]
[Round "7.8"]
[White "Cureau, Christian"]
[Black "Bouteiller, Eleonore"]
[Result "0-1"]
[WhiteElo "1320"]
[BlackElo "1480"]
[PlyCount "60"]
[EventDate "2007.??.??"]

1. d4 d5 2. c4 e6 3. Nf3 Nc6 4. Nc3 Nf6 5. Bg5 Bb4 6. e3 h6 7. Bh4 g5 8. Bg3
Ne4 9. Be5 f6 10. cxd5 exd5 11. Bg3 Bg4 12. Be2 Nxc3 13. Qc2 Ne4+ 14. Kf1 Nxg3+
15. hxg3 f5 16. Ne5 Bxe2+ 17. Kxe2 Nxe5 18. dxe5 Qd7 19. Rad1 O-O-O 20. a3 Be7
21. Rd3 f4 22. e4 Qg4+ 23. Ke1 fxg3 24. Rxg3 Qf4 25. Rf3 Qxe5 26. Rf5 Qd4 27.
e5 Rhf8 28. Rxf8 Qxe5+ 29. Kf1 Bxf8 30. Rxh6 Bxh6 0-1

[Event "Championnat de France - Open D"]
[Site "Aix-les-Bains"]
[Date "2007.08.21"]
[Round "7.9"]
[White "Joos, Rene"]
[Black "Delzant, Pierre Richard"]
[Result "0-1"]
[WhiteElo "1470"]
[BlackElo "1330"]
[PlyCount "81"]
[EventDate "2007.??.??"]

1. e4 Nf6 2. e5 Nd5 3. c4 Nb6 4. b3 d6 5. d4 Bf5 6. Bd3 Bxd3 7. Qxd3 e6 8. exd6
cxd6 9. Bb2 d5 10. c5 N6d7 11. Nc3 a6 12. Nf3 Be7 13. O-O O-O 14. Rfe1 Nc6 15.
a3 Qc7 16. b4 b5 17. Re2 Bf6 18. Rae1 Rfe8 19. Nxd5 Qb7 20. Nxf6+ Nxf6 21. Ne5
Nxe5 22. Rxe5 Rad8 23. Qf3 Qxf3 24. gxf3 Nd5 25. R5e2 Kf8 26. Rc2 Nf4 27. Rd1
Rd5 28. Rdc1 Nd3 29. Rd1 Nxb2 30. Rxb2 Red8 31. f4 Rxd4 32. Rxd4 Rxd4 33. Rc2
Ke8 34. Kg2 Kd8 35. Kf3 Rd3+ 36. Ke4 Rxa3 37. c6 Kc7 38. Kd4 Ra4 39. Kc5 Ra1
40. Rd2 Rc1+ 41. Kd4 0-1

[Event "Championnat de France - Open D"]
[Site "Aix-les-Bains"]
[Date "2007.08.21"]
[Round "7.10"]
[White "Assouvie, Liliane"]
[Black "Bergmann, Delphine"]
[Result "0-1"]
[WhiteElo "1390"]
[BlackElo "1440"]
[PlyCount "74"]
[EventDate "2007.??.??"]

1. e4 e5 2. Nf3 Nc6 3. Bc4 Bc5 4. O-O Nf6 5. Nc3 O-O 6. a3 d6 7. Be2 d5 8. d3
h6 9. b4 Bb6 10. Bd2 a6 11. Qc1 Bg4 12. exd5 Nxd5 13. Nxd5 Qxd5 14. c4 Qd8 15.
c5 Ba7 16. Qc2 Bxf3 17. Bxf3 Nd4 18. Qd1 c6 19. Bc3 Rc8 20. Re1 Bb8 21. Rb1 Re8
22. Bg4 Rc7 23. Rb2 Rce7 24. Qb1 e4 25. dxe4 Kh8 26. Rd2 f5 27. Rxd4 Qc7 28.
Rd6 fxg4 29. Rxh6+ Kg8 30. Qb3+ Rf7 31. Rh4 Qf4 32. g3 Qxf2+ 33. Kh1 Qf3+ 34.
Kg1 Bxg3 35. Qxf7+ Kxf7 36. Rf1 Qxf1+ 37. Kxf1 Bxh4 0-1

[Event "Championnat de France - Open D"]
[Site "Aix-les-Bains"]
[Date "2007.08.22"]
[Round "8.1"]
[White "Cornaton, Julien"]
[Black "Thomas, Vincent"]
[Result "0-1"]
[WhiteElo "1500"]
[BlackElo "1499"]
[PlyCount "68"]
[EventDate "2007.??.??"]

1. e4 e6 2. d4 d5 3. exd5 exd5 4. Bd3 Nc6 5. c3 Bd6 6. Ne2 Bg4 7. h3 Bh5 8. Qd2
Qe7 9. O-O O-O-O 10. Nf4 Nf6 11. Nxh5 Nxh5 12. Qc2 Rdg8 13. Be3 g6 14. Nd2 f5
15. Rfe1 Qf6 16. Nf3 h6 17. Kh1 Ng7 18. Rg1 g5 19. Nh2 h5 20. Raf1 f4 21. Bc1
Ne6 22. f3 Ne7 23. Qe2 Nf5 24. Bxf5 Qxf5 25. Rd1 g4 26. fxg4 hxg4 27. Rd3 f3
28. gxf3 Rxh3 29. f4 Rxd3 30. Rxg4 Rxg4 31. Nxg4 Rg3 32. Nh2 Qe4+ 33. Qxe4 dxe4
34. f5 Nf4 0-1

[Event "Championnat de France - Open D"]
[Site "Aix-les-Bains"]
[Date "2007.08.22"]
[Round "8.2"]
[White "Marceau, Amaury"]
[Black "Clement, Alexandre"]
[Result "0-1"]
[WhiteElo "1499"]
[BlackElo "1390"]
[PlyCount "150"]
[EventDate "2007.??.??"]

1. Nf3 d5 2. g3 c5 3. Bg2 Nc6 4. O-O e5 5. d3 f5 6. Nbd2 e4 7. dxe4 fxe4 8. Ne1
Nf6 9. e3 Be6 10. f3 exf3 11. Nexf3 Qd7 12. c3 h6 13. Nh4 Bd6 14. e4 O-O-O 15.
exd5 Nxd5 16. Nc4 Nde7 17. Nxd6+ Qxd6 18. Bf4 Qxd1 19. Raxd1 g5 20. Bxc6 Nxc6
21. Bxg5 hxg5 22. Nf3 Rxd1 23. Rxd1 Bg4 24. Rd3 Bxf3 25. Rxf3 b6 26. Kg2 Rg8
27. Rf6 Ne5 28. Re6 Nd3 29. Re2 Nc1 30. Re7 Kb8 31. a3 a5 32. Kf3 Nd3 33. b3
Nc1 34. b4 axb4 35. axb4 cxb4 36. cxb4 Nd3 37. b5 Nc5 38. h4 gxh4 39. gxh4 Rh8
40. Kg4 Kc8 41. Kg5 Nd7 42. h5 Nf8 43. Kf6 Rxh5 44. Re8+ Kc7 45. Rxf8 Rxb5 46.
Re8 Rb1 47. Re7+ Kc6 48. Re6+ Kb5 49. Re5+ Ka4 50. Ke6 Rd1 51. Re4+ Ka5 52. Re2
b5 53. Ke5 b4 54. Ra2+ Kb5 55. Ke4 Kc4 56. Ke3 b3 57. Rd2 Rxd2 58. Kxd2 Kb4 59.
Kd1 Ka3 60. Kc1 Ka2 61. Kd2 b2 62. Kc3 b1=Q 63. Kc4 Ka3 64. Kc5 Ka4 65. Kc4
Qc2+ 66. Kd4 Kb5 67. Kd5 Qd3+ 68. Ke5 Kc6 69. Ke6 Qe4+ 70. Kf6 Kd7 71. Kf7 Qf5+
72. Kg7 Ke7 73. Kh6 Qg4 74. Kh7 Kf7 75. Kh6 Qg6# 0-1

[Event "Championnat de France - Open D"]
[Site "Aix-les-Bains"]
[Date "2007.08.22"]
[Round "8.3"]
[White "Nal, Patrick"]
[Black "Militon, Alexandre"]
[Result "1/2-1/2"]
[WhiteElo "1499"]
[BlackElo "1480"]
[PlyCount "75"]
[EventDate "2007.??.??"]

1. d4 d5 2. c4 e6 3. Nf3 Nf6 4. Nc3 b6 5. g3 dxc4 6. Qa4+ Qd7 7. Qxc4 Ba6 8.
Qb3 Bb7 9. Bg2 Nc6 10. e3 Na5 11. Qc2 Bb4 12. O-O Bxc3 13. bxc3 Be4 14. Qe2 Qd5
15. Ne1 Bxg2 16. Nxg2 O-O 17. f3 c5 18. Rd1 Rfd8 19. Ba3 Qc6 20. dxc5 bxc5 21.
Rxd8+ Rxd8 22. Rd1 Rxd1+ 23. Qxd1 Nb7 24. Ne1 Nd5 25. Qc1 Qa6 26. Kf2 Qc4 27.
Qa1 f6 28. Bb2 Nd6 29. Nc2 Qd3 30. Qc1 Nc4 31. Ne1 Qg6 32. Ng2 Qh6 33. h4 g5
34. e4 Ne7 35. hxg5 Nxb2 36. Qxb2 Qxg5 37. Qb8+ Kf7 38. Qf4 1/2-1/2